000 01337nam a22002537a 4500
005 20081106101154.0
008 081106t xxu||||| |||| 00| 0 hin d
010 _aHIN-85420
020 _c650.00
_a8174875964
035 _aHN-57766
037 _bDBAD / PUB
040 _aDPL
_bHN
082 _a327.54
245 _aस्त्रातेजिक वातावरण /
_cकृष्णानन्द शुक्ल द्वारा संपादित
246 _aStratejika vataavarana
_bedited by Krishna Nand Shukla
260 _aनई दिल्ली
_bराधा पब्लिकेशन्स
_c2008
270 _a4231/1, अंसारी रोड़, दरियागंज
_bनई दिल्ली
_e110002
_k011-23247003, 23254306
300 _a311 पृ
_c22सेमी (सजिल्द)
651 _aभारत
_xअन्तर्राष्ट्रीय संबंध
651 _aIndia
_xInternational relations
700 _aशुक्ल, कृष्णानन्द
942 _2ddc
_cHN
_mस्त्रातेजि
_h327.54
999 _c19704
_d19704